000 00526nam a2200181Ia 4500
005 20250508161859.0
008 008 250505s9999 xx 000 0 eng d
020 _a0-07-010073-X
037 _aTextual
040 _aFEDL
_beng
_cFEDL
041 _aeng
_2eng
084 _a378, CAR
_qFEDL
245 0 _aSponsored research of the carnegie commission on higher education
260 _aNew York, USA
_bMcGraw-Hill Book Company
_c1975
300 _a397p
942 _cTEXL
_h378, CAR
999 _c1372908
_d1372908